1646 1280 1799 1736 1785 1123 1384 1269 1227 1929 1805 1643 1371 1583 1552 1172 1467 1043 1405 1733 1249 1976 1979 1949 1235 1754 1214 1332 1793 1550 1706 1544 1173 1438 1366 1768 1027 1249 1990 1212 1074 1265 1363 1875 1512 1502 1145 1390 1633 1899 1999 1614 1410 1031 1061 1625 1209 1425 1486 1730 1725 1215 1276 1189 1433 1908 1755 1457 1385 1565 1732 1583 1078 1515 1309 1563 1475 1904 1384 1660 1181 1248 1089 1100 1193 1921 1854 1868 1512 1497 1626 1854 1839 1853 1851 1039 1080 1967 1993 BCNSPRNW ULIB Ver.6.0+V

เปลี่ยนเป็นภาษาไทย

Change to English
 แสดงรายละเอียดบรรณานุกรม
  กลับหน้าหลัก

Brief Record : Get Marc (ISO 2709) : E-mail record : QR code < ปิดหน้าต่าง
LEADER : 00000nam 2200000uu 4500
001    13399121236
003     ULIB
008    090228s2551 th 000 0 tha d
020    ^a9748132242
020    ^a9789748132242
040    ^abic
050  4 ^aPE1131^bน784ภ 2551
100 0  ^aเนตรปรียา มุสิกไชย ชุมไชโย
245 10 ^aภาษาอังกฤษในสำนักงาน /^cโดยครูเคท เนตรปรียา มุสิกไชยชุมไชโย
250    ^aพิมพ์ครั้งที่ 1
260    ^aกรุงเทพฯ :^bอมรินทร์,^c2551
300    ^a115 หน้า ;^c21 ซม.
650  4 ^aภาษาอังกฤษ^xบทสนทนาและวลี
650  4 ^aภาษาอังกฤษธุรกิจ
945    ^p105^l0^i16616
995    ^aกัณชพร
999    ^aกัณชพร
รายการนี้ยังไม่มีแท็ก
คุณยังไม่ได้ล็อกอิน คุณสามารถมีกิจกรรมร่วมกับเว็บไซต์ได้ แต่ต้องล็อกอินก่อน ::
  ล็อกอิน

รายการสื่อสารสนเทศ

ลำดับที่ ประเภท เลขเรียก/บาร์โค้ด สถานที่ สถานะ
1. วิทยาศาสตร์การแพทย์ และสุขภาพ
วิทยาศาสตร์การแพทย์ และสุขภาพ
PE1131 น784ภ 2551  
  Barcode: 16616
ห้องสมุดวิทยาเขตสวรรค์ประชารักษ์
►หนังสือทั่วไป
บนชั้น

รายการใกล้เคียง
    ผู้แต่ง [เนตรปรียา มุสิกไชย ชุมไชโย]

    หัวเรื่อง [ภาษาอังกฤษธุรกิจ]

BibComment


ยังไม่เคยถูกคอมเมนท์

คอมเมนท์ทรัพยากรรายการนี้
  คอมเมนท์: ภาษาอังกฤษในสำนั..


 Copyright 2026. Bcnsprnw @Library